Logo BPK

Biblioteka

Politechniki Koszalińskiej

Microprocessors and their applications : (Rekord nr 9400)

Szczegóły MARC
000 -ETYKIETA REKORDU
podpole kontrolne o stałej długości 00721nam a2200217 i 4500
001 - NUMER KONTROLNY REKORDU
pole kontrolne bg
020 ## - MIĘDZYNARODOWY ZNORMALIZOWANY NUMER KSIĄŻKI - ISBN
ISBN 0444853901
040 ## - ŹRÓDŁO KATALOGOWANIA
Instytucja, która utworzyła rekord BPK
041 ## - KOD JĘZYKA
Kod języka tekstu pol
080 ## - UNIWERSALNA KLASYFIKACJA DZIESIĘTNA - UKD
UKD 004.31
920 ## - Międzynarodowy znormalizowany numer książki – ISBN
ISBN 0-444-85390-1
008 - POLE O STAŁEJ DŁUGOŚCI - DANE KONTROLNE
podpole kontrolne o stałej długości s pl f |000 0 pol
245 #0 - TYTUŁ/ODPOWIEDZIALNOŚĆ
Tytuł Microprocessors and their applications :
Ciąg dalszy tytułu 5th EUROMICRO symposium on microprocessing and microprogramming, August 28-30, 1979-Göteborg /
Pozostałe elementy strefy tytułu i oznaczenia odpowiedzialności ed. by Jaques Tiberghien, Gunnar Carlstedt, Johan Lewi.
260 ## - STREFA ADRESU WYDAWNICZEGO
Miejsce wydania Amsterdam :
Nazwa wydawcy/dystrybutora North-Holland,
Data publikacji, dystrybucji/powstania dokumentu 1979.
650 ## - HASŁO PRZEDMIOTOWE W FORMIE NAZWY OGÓLNEJ LUB JEDNOSTKOWEJ
Nazwa ogólna lub geograficzna Mikroprocesor
Określnik ogólny stosowanie
655 ## - TERMIN INDEKSOWY - OKREŚLENIE RODZAJU/FORMY DOKUMENTU
Określenie rodzaju/formy dokumentu Materiały konferencyjne
700 1# - HASŁO DODATKOWE - NAZWA OSOBOWA
Nazwa osobowa Tiberghien, Jaques.
Określenie związku między hasłem a opisywanym materiałem 1946-
700 1# - HASŁO DODATKOWE - NAZWA OSOBOWA
Nazwa osobowa Carlstedt, Gunnar.
Określenie związku między hasłem a opisywanym materiałem 1946-
700 1# - HASŁO DODATKOWE - NAZWA OSOBOWA
Nazwa osobowa Lewi, Johan
856 ## - LOKALIZACJA I DOSTĘP DO ELEKTRONICZNYCH DOKUMENTÓW ZDALNYCH
Link (URL) http://koha.tu.koszalin.pl/cgi-bin/koha/opac-detail.pl?biblionumber=9400
Tekst linku Katalog online BPK
942 ## - DODATKOWE ELEMENTY (KOHA)
Typ dokumentu Książka
Egzemplarze
Wycofany Status egzemplarza Uszkodzony Dostępność Lokalizacja stała Lokalizacja bieżąca Miejsce przechowywania Sygnatura Kod kreskowy Typ dokumentu
      Dostępny Biblioteka Politechniki Koszalińskiej Biblioteka Politechniki Koszalińskiej Wypożyczalnia BG 24304 02030104 Książka
© 2023 Biblioteka Politechniki Koszalińskiej :: KOHA